Quizzes
Events
Quiz Creation
Community
Videos
Private Events
Remove Ads
Sign In
Join for FREE
Feedback
Dark Mode
Quiz Categories
Sports
Geography
Music
Movies
Television
Just For Fun
Miscellaneous
History
Literature
Language
Science
Gaming
Entertainment
Religion
Holiday
For Kids
Quiz Lab
Recent
Popular Today
Quiz Kudos Today
Editor Picks
Curator Picks
Quizzes by...
Day
Popularity
Type
Ratings
Length
Year
Community
Subscriptions
Recent Discussions
Orange Saloon
Badges
Playlists
Quests
Create
Leaderboards
Showdown
Live 5
Trivia Bingo
Activity
Puzzle Library
Sporcle Events
Private Events
Virtual Trivia
Globe League
Become a Host
Pub Owners
SporcleCon
Opinionation
Our Games
Videos
Blog
Mobile Apps
Partnerships
Remove Ads and Go Orange
Feedback
Sports
Athletes
MLB
NBA
NHL
NFL
Soccer
Sports Teams
WWE
NCAA
Football
Premier League
Basketball
Baseball
Hockey
Golf
Tennis
Cricket
Rugby
Auto Racing
Olympics
World Cup
Sports
Athletes
MLB
NBA
NHL
NFL
Soccer
Sports Teams
WWE
NCAA
Football
Premier League
Basketball
Baseball
Hockey
Golf
Tennis
Cricket
Rugby
Auto Racing
Olympics
World Cup
Random Quiz
Search Sporcle
×
Featured
Featured
Sports
State
Type in answers that appear in a list
Type in answers that appear in a list
Classic
Best Score? Go Orange.
Big 4 Unique Toponyms Stats
Can you name the place names (city/state/region) used for only one Big 4 team?
By
Goatboy72
4m
34 Questions
23.1K Plays
23,141 Plays
23,141 Plays
Comments
Comments
Give Quiz Kudos
Give Quiz Kudos
-
- Ratings
hide this ad
Replay
Link that replays current quiz
Next Quiz
Link to next quiz in quiz playlist
You Got
0%
They Got
Avg Score
59%
Avg Friend Score
Upgrade to see
Score Distribution
Jump to the score distribution portion of the page
Score
0/34
Timer
04:00
3
Plays Today
League
Place Name
% Correct
NHL
Vancouver
74.2%
NBA
Portland
73.4%
NHL
Montreal
71.4%
NBA
Utah
70.5%
NBA
Golden State
70%
NBA
Oklahoma City
69.7%
NHL
Calgary
69.6%
NBA
San Antonio
69.3%
NFL
Green Bay
68.4%
NFL
New England
67.9%
NHL
Edmonton
66.2%
NBA
Memphis
65.7%
NHL
Ottawa
64%
NFL
Jacksonville
63.3%
NBA
Indiana
63.1%
NHL
Winnipeg
63%
NHL
Columbus
62.8%
League
Place Name
% Correct
NBA
Sacramento
60.3%
NFL
Tennessee
60.3%
NBA
Phoenix
59.6%
NBA
Brooklyn
58.7%
NBA
Charlotte
58.6%
NBA
Orlando
58.6%
NHL
New Jersey
58.2%
NHL
Nashville
57.9%
NHL
Florida
57.2%
MLB
San Diego
56%
NHL
San Jose
54.8%
MLB
Texas
54.5%
MLB
Oakland
53.8%
NHL
Anaheim
53.5%
NFL
Indianapolis
50.8%
NFL
Las Vegas
44%
NHL
Vegas
41.7%
Quiz Playlist
Details
Report
Send in Message
Add To Playlist
Classic:
Type in answers that appear in a list
Last Updated: Oct 20, 2020
Featured
Editor Pick in
Sports
Quiz Scoreboard
CHALLENGE
Sign Up to Join the Scoreboard
Show All
Scores
Hide
Comments
May contain spoilers
Recently Published
College Basketball Coaching Resumes
by pancakes188
Sports
9m
Billboard Blitz: Fleetwood Mac
by CooCooCachoo
Music
15s
Presidents Visiting Landmarks
by Hejman
History
7m
More to Explore
Quiz From the Vault
Featured Blog Post
Where Did the Easter Bunny Come From?
hide this ad
You Might Also Like...
Tags
City Quiz
State Quiz
Big 4
place
region
team
Toponym
Unique
Today's Top Quizzes in Sports
Browse Sports
hide this ad
Today's Top Quizzes in State
Browse State
Top Contributed Quizzes in Sports
1
2022 World Cup Stars
2
Les meilleurs buteurs des matchs entre le PSG et l’OM
3
FIFA Club World Cup Champions
4
Les entraîneurs de l'OM et du PSG au 21e siècle
5
Criteria MLB: Left Handed Sluggers
6
AFC Teams Reveal (Wrong Answers Minefield)
7
2023 MLB Unique Player Accomplishments
8
Players with Multiple 50 Home Run Seasons
9
5-to-1: FBS Animal Nicknames
10
5-to-1: UK Sports Teams
Explore More
Trending Topics
Anime
Marvel
NBA
Crossword
Kpop
Disney
Harry Potter
Puzzle
The Office
Song
Country
WWE
Soccer
Pokémon
NFL
hide this ad
More By:
Goatboy72
Quiz
Plays
Rating
Category
Featured
Created
Big 4 Unique Toponyms
23,141
4.63
Sports
Feb 17, 2016
Missing Word: Wrestling Nicknames
1,987
4.56
Sports
Aug 2, 2020
Wrestling Nickname Acrostic
330
4.27
Sports
Aug 19, 2020
Prince Albums 1978-2015
127
5.00
Music
Feb 17, 2021
Missing Word: Wresting Nicknames II
76
Sports
Aug 7, 2020
Go to Creator's Profile
Score Distribution
Quiz Creator Spotlight
Goatboy72
Follow
Send a Message
Quizzes Created
-
Created Quiz Play Count
-
More By This Creator
Popular Quizzes Today
1
Find the US States - No Outlines Minefield
2
Find the Countries of Europe - No Outlines Minefield
3
The Countries of the World
4
Find the US States
5
Risky Map Clicking: Biggest States A-Z
6
US States
7
Popular People in 1961
8
Movies - When Are They Set?
More Sports Quizzes
Journeyman Quarterback Slideshow III
Quiz Lab
Trending Quizzes
Risky Map Clicking: Least Populous States A-Z
1-10 Letter G Words
1-10 Letter F Words
Risky Map Clicking: Next State Alphabetically
Adjectives in 80s TV Shows
Recently Updated
Leaping Animals
pecheneg
Reality TV Shows (A-Z)
bhenderson79
Rickey Henderson's Hall of Fame Teammates
pecheneg
Champions League XIs: Arsenal
pecheneg
Quick Pick: Celebrities in WWE's Hall of Fame
aduchscher
A-Z Keypad Blitz II
pecheneg
Multiple Oscar Actors
pecheneg
Mystery Phrase Blitz: Oscar 'Best Actors'
pecheneg
F. Scott Fitzgerald Novels
LTH
Pick 3 Villains
ddd62291
Trending Topics
Kpop
Crossword
Harry Potter
Marvel
NBA
Disney
Anime
Country
WWE
Soccer
The Office
Pokémon
NFL
Song
Puzzle
Your Account Isn't Verified!
In order to create a playlist on Sporcle, you need to verify the email address you used during registration. Go to your
Sporcle Settings
to finish the process.
Report this User
Report this user for behavior that violates our
Community Guidelines
.
Details:
Send Report
Go to the Sporcle.com Mobile Site →
Comments